000 01021nam a2200313Ia 4500
003 OSt
005 20221007121706.0
006 a|||||r|||| 00| 0
007 ta
008 221006b |||||||| |||| 00| 0 eng d
020 _a0521586933 (pbk)
_cRs.140.00
024 _a4783
037 _bN R,
_cTextual
040 _aBDL
_cBDL
_beng
041 _2eng
_aeng
082 _aI:33;C5, L21;N4
100 _aHall D O
_9518454
245 0 _aPhotosynthesis by D O Hall and K K Rao
_b Rao K K
250 _aEd 5
260 _aCambridge
_bCambridge University Press
_c1994
300 _ax, 211p
_ccm.
500 _aIndex 208-211p; ^n23/CSL/Carb/97-98/6008^d1998-02-13^mPurchase; ; 97-98/303^b1998-02-18^c230^d1998-02-14^eN R Distributors; ; 1998-02-27^d1998-03-03^r1998-04-04
650 _a Metabolism
650 _a Photosynthesis
_9473878
650 _aBotany
700 _a Rao K K
_9518455
942 _hI:33;C5, L21;N4
_cTEXL
_2CC
999 _c1209195
_d1209195